000 01111cam a2200337 4500
001 2115
003 FISKH
005 20250307104757.0
008 680301s1968 nyua j 000 1 eng
010 _a 68012981
020 _a9780439147996
040 _aDLC
_cDLC
_dDLC
_beng
042 _alcac
050 0 0 _aPZ7.C5792
_bRam
082 0 0 _a813.54
_219
100 1 _aCleary, Beverly
245 1 0 _aRamona the pest /
_cIllustrated by Louis Darling
250 _aFirst scholastic printing September, 2007
260 _aNew York :
_bScholastic,
_c1968
300 _a192 pages :
_billustrations ;
_c20 cm
505 _aW
520 _aRamona meets lots of interesting people in kindergarten class, like Davy whom she keeps trying to kiss and Susan whose springy curls seem to ask to be pulled.
521 8 _a850
_bLexile
521 8 _aW
_bRaz-Plus
650 1 _aKindergarten
_vFiction.
650 1 _aSchools
_vFiction.
655 7 _aJuvenile literature
_y1968.
_2rbgenr
700 1 _aDarling, Louis,
_eillustrator
906 _a7
_bcbc
_corignew
_du
_encip
_f19
_gy-gencatlg
942 _2ddc
_cBK
_n0
999 _c2115
_d2115